<?xml version="1.0" encoding="UTF-8"?><?xml-stylesheet type="text/xsl" href="static/style.xsl"?><OAI-PMH xmlns="http://www.openarchives.org/OAI/2.0/" xmlns:xsi="http://www.w3.org/2001/XMLSchema-instance" xsi:schemaLocation="http://www.openarchives.org/OAI/2.0/ http://www.openarchives.org/OAI/2.0/OAI-PMH.xsd"><responseDate>2026-04-18T03:21:13Z</responseDate><request verb="GetRecord" identifier="oai:www.recercat.cat:2072/458131" metadataPrefix="marc">https://recercat.cat/oai/request</request><GetRecord><record><header><identifier>oai:recercat.cat:2072/458131</identifier><datestamp>2025-06-12T08:16:09Z</datestamp><setSpec>com_2072_98</setSpec><setSpec>col_2072_378192</setSpec></header><metadata><record xmlns="http://www.loc.gov/MARC21/slim" xmlns:dcterms="http://purl.org/dc/terms/" xmlns:xsi="http://www.w3.org/2001/XMLSchema-instance" xmlns:doc="http://www.lyncode.com/xoai" xsi:schemaLocation="http://www.loc.gov/MARC21/slim http://www.loc.gov/standards/marcxml/schema/MARC21slim.xsd">
   <leader>00925njm 22002777a 4500</leader>
   <datafield ind2=" " ind1=" " tag="042">
      <subfield code="a">dc</subfield>
   </datafield>
   <datafield ind2=" " ind1=" " tag="720">
      <subfield code="a">Simo-Comas, Marta</subfield>
      <subfield code="e">author</subfield>
   </datafield>
   <datafield ind2=" " ind1=" " tag="260">
      <subfield code="c">2021</subfield>
   </datafield>
   <datafield ind2=" " ind1=" " tag="520">
      <subfield code="a">En la coordenada temporal de las dos primeras décadas del siglo XXI y centrándonos en el microrrelato fantástico, el presente estudio tiene como objeto explorar la interacción creadora que microrrelato e imagen establecen en el contexto de lo insólito. Para ello, y tomando como referencia metodológica la noción de intermedialidad, analizaremos cuatro combinaciones mediales en las que texto e imagen se determinan recíprocamente: Cuentos malvados, de Espido Freire (2010), Cuentos del libro de la noche, de José María Merino (2005), Formulaciones tautológicas, de Felipe Benítez Reyes (2010) y Casa de muñecas (2012), de Patricia Esteban Erlés. Asimismo, consideraremos Ajuar funerario. El comic: Difuntos, infantes y monstruos (2018), de Imanol Ortiz y Beñat Olea para ilustrar los mecanismos de la transposición medial.</subfield>
   </datafield>
   <datafield ind2=" " ind1=" " tag="520">
      <subfield code="a">Framed within the first two decades of the 21st century and focusing on the micro-sto-ry of the fantastic, the present study aims to explore the creative interactions established between micro-story and image in the wider realm of the uncanny. For this purpose, and taking as a methodological benchmark the concept of intermediality, we will analyse four media compositions in which meaning is determined reciprocally by text and image: Cuentos malvados (Wicked Tales) (2010) by Espido Freire, Cuentos del libro de la noche (Tales from the Book of the Night) (2005) by José María Merino, Formulaciones tautológicas (Tautological Formulations) (2010) by Felipe Benítez Reyes and Casa de muñe-cas (Doll's House) (2012) by Patricia Esteban Erlés. We will also consider Ajuar funerario. El cómic: Difuntos, infantes y monstruos (Funerary trousseau. The Comic: Dead People, In-fants and Monsters) (2018), by Imanol Ortiz and Beñat Olea, to illustrate the mecha-nisms of medial transposition.</subfield>
   </datafield>
   <datafield tag="653" ind2=" " ind1=" ">
      <subfield code="a">Intermedialidad</subfield>
   </datafield>
   <datafield tag="653" ind2=" " ind1=" ">
      <subfield code="a">Texto e imagen</subfield>
   </datafield>
   <datafield tag="653" ind2=" " ind1=" ">
      <subfield code="a">Microrrelato fantástico</subfield>
   </datafield>
   <datafield tag="653" ind2=" " ind1=" ">
      <subfield code="a">Adaptación</subfield>
   </datafield>
   <datafield tag="653" ind2=" " ind1=" ">
      <subfield code="a">Narrativa siglo XXI</subfield>
   </datafield>
   <datafield tag="653" ind2=" " ind1=" ">
      <subfield code="a">Intermediality</subfield>
   </datafield>
   <datafield tag="653" ind2=" " ind1=" ">
      <subfield code="a">Text and image</subfield>
   </datafield>
   <datafield tag="653" ind2=" " ind1=" ">
      <subfield code="a">Micro-stories of the fantastic</subfield>
   </datafield>
   <datafield tag="653" ind2=" " ind1=" ">
      <subfield code="a">Adaptation</subfield>
   </datafield>
   <datafield tag="653" ind2=" " ind1=" ">
      <subfield code="a">21st century narratives</subfield>
   </datafield>
   <datafield ind2="0" ind1="0" tag="245">
      <subfield code="a">Interacción creadora entre texto e imagen en el microrrelato fantástico peninsular en las primeras dos décadas del siglo XXI</subfield>
   </datafield>
</record></metadata></record></GetRecord></OAI-PMH>